[Event "Mittelfranken Landesliga Nord 2223"]
[Site "Mittelfranken"]
[Date "2023.01.15"]
[Round "5.5"]
[White "Hetzner, Hannes"]
[Black "Wallinger, Manfred"]
[Result "1/2-1/2"]
[WhiteElo "2010"]
[BlackElo "2063"]
[PlyCount "72"]
[EventDate "2022.10.09"]
[EventType "team-tourn"]
[EventRounds "9"]
[EventCountry "GER"]
[SourceTitle "EXT 2024"]
[Source "ChessBase"]
[SourceDate "2023.10.10"]
[SourceVersion "1"]
[SourceVersionDate "2023.10.10"]
[SourceQuality "1"]
[WhiteTeam "Erlangen II"]
[BlackTeam "Altensittenbach"]
[WhiteTeamCountry "GER"]
[BlackTeamCountry "GER"]

1. e4 d5 2. exd5 Qxd5 3. Nf3 Bg4 4. Be2 Nc6 5. d4 e6 6. 0-0 0-0-0 7. Be3 Nf6 8. h3 Bxf3 9. Bxf3 Qd7 10. Qe2 Nxd4 11. Bxd4 Qxd4 12. Na3 Bxa3 13. bxa3 Nd5 14. c4 Nb6 15. Rab1 c6 16. Rb4 Qc5 17. Rfb1 Rd4 18. Qb2 Rhd8 19. a4 R8d7 20. Kh1 f5 21. Qc2 Rxc4 22. Rxc4 Qxc4 23. Qb2 Qd4 24. Qa3 Qd3 25. Qb4 Qd6 26. Qh4 g6 27. Qf6 Qe7 28. Qe5 Nc4 29. Qc3 Nd2 30. Bxc6 bxc6 31. Qxc6+ Rc7 32. Qa6+ Rb7 33. Qc6+ Rc7 34. Qa6+ Rb7 35. Qc6+ Rc7 36. Qa6+ Rb7 1/2-1/2

[Event "Mittelfrank Regionalliga Nord-Ost 2122"]
[Site "Mittelfranken"]
[Date "2022.04.03"]
[Round "7.5"]
[White "Wallinger, Manfred"]
[Black "Liemann, Michael"]
[Result "1-0"]
[WhiteElo "2029"]
[BlackElo "2000"]
[PlyCount "113"]
[EventDate "2021.10.24"]
[EventType "team-tourn"]
[EventRounds "9"]
[EventCountry "GER"]
[SourceTitle "EXT 2024"]
[Source "ChessBase"]
[SourceDate "2023.10.10"]
[SourceVersion "1"]
[SourceVersionDate "2023.10.10"]
[SourceQuality "1"]
[WhiteTeam "Altensittenbach"]
[BlackTeam "Forchheim SC"]
[WhiteTeamCountry "GER"]
[BlackTeamCountry "GER"]

1. d4 d5 2. Bf4 Nf6 3. e3 e6 4. c3 Bd6 5. Bg3 0-0 6. Bd3 b6 7. Nf3 Ba6 8. Bxa6 Nxa6 9. Qd3 Nb8 10. Nbd2 Nc6 11. Ne5 Bxe5 12. dxe5 Nd7 13. f4 Nc5 14. Qc2 a5 15. 0-0 f5 16. exf6 Qxf6 17. e4 dxe4 18. Nxe4 Qf5 19. Rae1 Rad8 20. Qe2 Nxe4 21. Qxe4 Rd6 22. Re2 Qxe4 23. Rxe4 Rf5 24. Rfe1 Kf7 25. Bh4 Rfd5 26. R1e2 b5 27. Kf2 Rd1 28. g4 g6 29. Bg3 Ra1 30. a3 h5 31. gxh5 gxh5 32. R4e3 Ne7 33. f5 Nxf5 34. Bxd6 Nxe3 35. Bxc7 Ng4+ 36. Kg3 Rg1+ 37. Kf3 a4 38. Ke4 Nf6+ 39. Kd4 Nd7 40. Bg3 Rd1+ 41. Ke3 Rd5 42. Rd2 Rxd2 43. Kxd2 e5 44. c4 bxc4 45. Kc3 Nb6 46. Bxe5 Ke6 47. Bd4 Nd5+ 48. Kxc4 Kd6 49. Kb5 Nf4 50. Kxa4 Kc6 51. b4 Ne2 52. Be5 h4 53. Ka5 Kb7 54. Kb5 h3 55. Kc4 Ng1 56. a4 Nf3 57. Bf4 1-0

[Event "Regionalliga Nord-Ost 1819"]
[Site "Bayern"]
[Date "2019.03.24"]
[Round "8.5"]
[White "Reichmann, Ulrich"]
[Black "Wallinger, Manfred"]
[Result "1/2-1/2"]
[WhiteElo "1889"]
[BlackElo "2004"]
[PlyCount "48"]
[EventDate "2018.10.21"]
[EventType "team-tourn"]
[EventRounds "9"]
[EventCountry "GER"]
[SourceTitle "EXT 2022"]
[Source "ChessBase"]
[SourceDate "2021.10.06"]
[SourceVersion "1"]
[SourceVersionDate "2021.10.06"]
[SourceQuality "1"]
[WhiteTeam "Postbauer Heng"]
[BlackTeam "Altensittenbach"]
[WhiteTeamCountry "GER"]
[BlackTeamCountry "GER"]

1. e4 d5 2. Nc3 dxe4 3. Nxe4 Bf5 4. Ng3 Bg6 5. Nf3 e6 6. c3 Nf6 7. Qb3 Qc8 8. h4 h6 9. Ne5 Bh7 10. d4 Bd6 11. Bc4 0-0 12. 0-0 Bxe5 13. dxe5 Ng4 14. Bf4 Nc6 15. Rae1 Qd8 16. Bxe6 Qxh4 17. Bxg4 Qxg4 18. Ne2 Bd3 19. f3 Qe6 20. Rf2 Bc4 21. Qxb7 Rfc8 22. Nd4 Nxd4 23. cxd4 Bxa2 24. Qe4 Bd5 1/2-1/2

[Event "Regionalliga Nord-Ost 1718"]
[Site "Bayern"]
[Date "2018.03.18"]
[Round "8.5"]
[White "Wallinger, Manfred"]
[Black "Hannweber, Markus"]
[Result "1-0"]
[WhiteElo "2042"]
[BlackElo "1812"]
[PlyCount "65"]
[EventDate "2017.10.22"]
[EventType "team-tourn"]
[EventRounds "9"]
[EventCountry "GER"]
[SourceTitle "EXT 2022"]
[Source "ChessBase"]
[SourceDate "2021.10.06"]
[SourceVersion "1"]
[SourceVersionDate "2021.10.06"]
[SourceQuality "1"]
[WhiteTeam "Altensittenbach"]
[BlackTeam "Nuernberg SK 1911"]
[WhiteTeamCountry "GER"]
[BlackTeamCountry "GER"]

1. b3 Nf6 2. Bb2 d6 3. g3 g6 4. Bxf6 exf6 5. Bg2 Bg7 6. c4 Nc6 7. Nc3 0-0 8. e3 Re8 9. Nge2 Rb8 10. 0-0 Bf5 11. d4 Qd7 12. Nf4 Qc8 13. Nfd5 Ne7 14. Nxe7+ Rxe7 15. Rc1 c6 16. b4 Bh3 17. Bxh3 Qxh3 18. b5 Qd7 19. Qa4 Ra8 20. Rb1 c5 21. Nd5 Ree8 22. dxc5 dxc5 23. Rfd1 Qc8 24. Rd3 b6 25. Qc2 Qb7 26. a4 f5 27. a5 Kf8 28. Ra3 Red8 29. Qa2 h5 30. axb6 axb6 31. Ra6 Rdb8 32. Nxb6 Rxa6 33. bxa6 1-0

[Event "Regionalliga Nord-Ost 1718"]
[Site "Bayern"]
[Date "2018.02.25"]
[Round "7.5"]
[White "Kalous, Miroslav"]
[Black "Wallinger, Manfred"]
[Result "1/2-1/2"]
[WhiteElo "1995"]
[BlackElo "2042"]
[PlyCount "76"]
[EventDate "2017.10.22"]
[EventType "team-tourn"]
[EventRounds "9"]
[EventCountry "GER"]
[SourceTitle "EXT 2022"]
[Source "ChessBase"]
[SourceDate "2021.10.06"]
[SourceVersion "1"]
[SourceVersionDate "2021.10.06"]
[SourceQuality "1"]
[WhiteTeam "Windischeschenbach"]
[BlackTeam "Altensittenbach"]
[WhiteTeamCountry "GER"]
[BlackTeamCountry "GER"]

1. d4 d5 2. Nf3 c6 3. g3 Bf5 4. Bg2 e6 5. 0-0 h6 6. b3 Nf6 7. a4 Be7 8. Ba3 Ne4 9. Ne5 Bxa3 10. Rxa3 Qd6 11. Ra1 Nd7 12. f3 Nef6 13. Nxd7 Nxd7 14. Nc3 e5 15. e3 0-0 16. Qd2 exd4 17. exd4 Rae8 18. Rfe1 Qg6 19. Rxe8 Rxe8 20. Rc1 Qe6 21. Kf2 Nf6 22. Ne2 g5 23. b4 g4 24. Nf4 Qe7 25. c3 gxf3 26. Bxf3 Bg4 27. Bg2 Bf5 28. Bf3 Bg4 29. Bg2 Ne4+ 30. Bxe4 Qxe4 31. Re1 Qf3+ 32. Kg1 Re4 33. Rxe4 dxe4 34. Ng2 Qd3 35. Qxh6 Qd1+ 36. Kf2 Qe2+ 37. Kg1 Qd1+ 38. Kf2 Qe2+ 1/2-1/2

[Event "Bad Kissingen Schachzauber 1st"]
[Site "Bad Kissingen"]
[Date "2018.01.20"]
[Round "9"]
[White "Wallinger, Manfred"]
[Black "Heidenfeld, Mark"]
[Result "1/2-1/2"]
[WhiteElo "2150"]
[BlackElo "2359"]
[PlyCount "94"]
[EventDate "2018.01.13"]
[EventType "tourn"]
[EventRounds "9"]
[EventCountry "GER"]
[EventCategory "5"]
[SourceTitle "CBM 182 Extra"]
[Source "ChessBase"]
[SourceDate "2018.02.23"]
[SourceVersion "1"]
[SourceVersionDate "2018.02.23"]
[SourceQuality "1"]

1. d4 d6 2. c4 e5 3. dxe5 dxe5 4. Qxd8+ Kxd8 5. Nc3 Be6 6. e3 f6 7. Bd2 c6 8. f4 Nd7 9. Nf3 Nh6 10. fxe5 Nxe5 11. Nxe5 fxe5 12. Be2 Ke8 13. Ne4 Bf5 14. Bf3 Rd8 15. Bc3 Nf7 16. b3 Rd3 17. Bd2 Be7 18. Ke2 Rd8 19. Bc3 Rf8 20. Rad1 Nd6 21. Nxd6+ Bxd6 22. e4 Be6 23. Rhf1 Rf7 24. Rd3 Bc7 25. Bh5 g6 26. Rxd8+ Bxd8 27. Rxf7 Kxf7 28. Bf3 Kf6 29. Kd3 Bb6 30. Be1 Bg1 31. Bg3 h5 32. h4 Bd4 33. Be1 b6 34. Bd2 Ke7 35. Bb4+ Kd7 36. Bd2 Bf2 37. Bg5 Kd6 38. Bd1 a5 39. a3 Bc5 40. Bh6 Kd7 41. a4 Kc7 42. Bg7 Bd4 43. Kc2 Kd7 44. Bf6 Kd6 45. Kd3 Bf2 46. Bd8 Bd7 47. Ke2 Bd4 1/2-1/2

[Event "Bad Kissingen Schachzauber 1st"]
[Site "Bad Kissingen"]
[Date "2018.01.19"]
[Round "8"]
[White "Heimann, Andreas"]
[Black "Wallinger, Manfred"]
[Result "1-0"]
[WhiteElo "2576"]
[BlackElo "2150"]
[PlyCount "94"]
[EventDate "2018.01.13"]
[EventType "tourn"]
[EventRounds "9"]
[EventCountry "GER"]
[EventCategory "5"]
[SourceTitle "CBM 182 Extra"]
[Source "ChessBase"]
[SourceDate "2018.02.23"]
[SourceVersion "1"]
[SourceVersionDate "2018.02.23"]
[SourceQuality "1"]

1. Nf3 d5 2. g3 c5 3. Bg2 Nf6 4. 0-0 Nc6 5. d4 e6 6. c4 cxd4 7. Nxd4 Be7 8. Nc3 0-0 9. cxd5 Nxd5 10. Nxd5 exd5 11. Nxc6 bxc6 12. Qc2 Bb7 13. Rd1 Bf6 14. Be3 Re8 15. Bd4 Bxd4 16. Rxd4 Qe7 17. e3 c5 18. Rd2 d4 19. exd4 cxd4 20. Bxb7 Qxb7 21. Rxd4 Rab8 22. b3 Rbc8 23. Qd2 h6 24. Rd1 Qa6 25. Rd6 Qe2 26. Qxe2 Rxe2 27. R1d2 Rce8 28. Kg2 Kf8 29. Kf3 Rxd2 30. Rxd2 Re6 31. Rd8+ Ke7 32. Rb8 a5 33. Rb7+ Kf6 34. Rb5 Ra6 35. a4 Ke6 36. Ke4 Kd6 37. Rb7 Ke6 38. Rb5 Kd6 39. Kd4 g6 40. Rb7 Ke6 41. Kc5 Ra8 42. f3 Rc8+ 43. Kb5 Rc3 44. Kxa5 Rxf3 45. Rb4 h5 46. Kb6 Rf2 47. a5 Kd5 1-0

[Event "Regionalliga NO 1617"]
[Site "Bayern"]
[Date "2016.12.04"]
[Round "3.5"]
[White "Wallinger, Manfred"]
[Black "Martin Fernandez, Rodrigo"]
[Result "1-0"]
[WhiteElo "2051"]
[BlackElo "2067"]
[PlyCount "119"]
[EventDate "2016.10.16"]
[EventType "team-tourn"]
[EventRounds "9"]
[EventCountry "GER"]
[SourceTitle "EXT 2019"]
[Source "ChessBase"]
[SourceDate "2018.10.10"]
[SourceVersion "1"]
[SourceVersionDate "2018.10.10"]
[SourceQuality "1"]
[WhiteTeam "Altensittenbach"]
[BlackTeam "Erlangen SC II"]
[WhiteTeamCountry "GER"]
[BlackTeamCountry "GER"]

1. d4 Nf6 2. c4 e6 3. Nc3 Bb4 4. f3 d5 5. e3 0-0 6. a3 Bxc3+ 7. bxc3 c5 8. cxd5 Nxd5 9. dxc5 Qh4+ 10. g3 Qe7 11. e4 Nf6 12. Qd6 Qe8 13. e5 Nd5 14. c4 Ne7 15. Ne2 Nf5 16. Qd3 Qe7 17. Bd2 Rd8 18. Qe4 Nc6 19. Be3 Qc7 20. f4 Na5 21. Bg2 Nxc4 22. Bd4 Nxd4 23. Nxd4 Qa5+ 24. Kf2 Nd2 25. Qe3 Qxc5 26. Ne2 Qxe3+ 27. Kxe3 Nc4+ 28. Kf2 Rb8 29. Rhd1 Rxd1 30. Rxd1 Kf8 31. a4 Ke7 32. Rd4 Na5 33. Nc3 Bd7 34. Nb5 a6 35. Nd6 Bc6 36. Rb4 Bxg2 37. Kxg2 Rd8 38. Kf3 Rd7 39. Ke4 Rc7 40. f5 f6 41. fxe6 Kxe6 42. Rb6 Rc6 43. exf6 gxf6 44. Rxc6 bxc6 45. Ne8 Nb7 46. Nc7+ Kd6 47. Nxa6 c5 48. Kf5 c4 49. Kxf6 Nc5 50. Nb4 Nxa4 51. g4 Nc5 52. h4 Nd3 53. Nc2 c3 54. g5 Nf4 55. Kg7 Ke7 56. Kxh7 Kf7 57. Ne3 Ng2 58. g6+ Ke7 59. g7 Nxe3 60. g8Q 1-0

[Event "Regionalliga NO 1516"]
[Site "Bayern"]
[Date "2016.01.17"]
[Round "5.4"]
[White "Wallinger, Manfred"]
[Black "Tong, Kevin"]
[Result "1-0"]
[WhiteElo "2051"]
[BlackElo "1994"]
[PlyCount "115"]
[EventDate "2015.10.11"]
[EventType "team-tourn"]
[EventRounds "9"]
[EventCountry "GER"]
[SourceTitle "EXT 2018"]
[Source "ChessBase"]
[SourceDate "2017.10.13"]
[SourceVersion "1"]
[SourceVersionDate "2017.10.13"]
[SourceQuality "1"]
[WhiteTeam "Altensittenbach"]
[BlackTeam "Erlangen SC II"]
[WhiteTeamCountry "GER"]
[BlackTeamCountry "GER"]

1. d4 d5 2. c4 c6 3. Nc3 dxc4 4. e4 b5 5. a4 b4 6. Nb1 Ba6 7. Nf3 Nf6 8. e5 Nd5 9. Be2 e6 10. 0-0 Be7 11. Qc2 Qb6 12. Bxc4 Bxc4 13. Qxc4 0-0 14. a5 Qa6 15. Qc2 h6 16. Nbd2 Nd7 17. Nb3 Rac8 18. Qe4 c5 19. Qg4 Kh8 20. dxc5 Nxc5 21. Nxc5 Rxc5 22. Bd2 Rxa5 23. Rxa5 Qxa5 24. Qh5 Qb5 25. g4 Kg8 26. g5 hxg5 27. Bxg5 Qd3 28. Ra1 Bc5 29. Qg4 Ra8 30. Kg2 a5 31. h4 a4 32. h5 a3 33. bxa3 Rxa3 34. Bf6 Nxf6 35. exf6 g6 36. Re1 Ra2 37. hxg6 Rxf2+ 38. Kg3 Qxg6 39. Qxg6+ fxg6 40. Rc1 Bb6 41. Rc8+ Kf7 42. Ne5+ Kxf6 43. Ng4+ Kf5 44. Nxf2 b3 45. Kf3 e5 46. Rf8+ Ke6 47. Rb8 Bd4 48. Rxb3 g5 49. Ne4 Kf5 50. Ng3+ Kg6 51. Ra3 Bb2 52. Ra6+ Kf7 53. Kg4 Bc1 54. Kf5 Bf4 55. Ra7+ Ke8 56. Ne4 g4 57. Ke6 Kf8 58. Nf6 1-0

[Event "GER-chT11-B1 email"]
[Site "GER email"]
[Date "2015.10.15"]
[Round "?.4"]
[White "Wallinger, Manfred"]
[Black "Hering, Hartmut"]
[Result "1/2-1/2"]
[WhiteElo "2354"]
[BlackElo "2240"]
[PlyCount "67"]
[EventDate "2015.??.??"]
[EventType "tourn (corr)"]
[EventRounds "8"]
[EventCountry "GER"]
[SourceTitle "Corr 2017"]
[Source "ChessBase"]
[SourceDate "2017.09.19"]
[SourceVersion "1"]
[SourceVersionDate "2017.09.19"]
[SourceQuality "1"]
[WhiteTeam "ChessBaseUserClub"]
[BlackTeam "SV Berolina Mitte"]

1. d4 Nf6 2. Bg5 Ne4 3. Bf4 d5 4. e3 c5 5. Bd3 g6 6. Bxe4 dxe4 7. Nc3 Bg7 8. Nge2 0-0 9. Nxe4 cxd4 10. exd4 Qb6 11. 0-0 Nc6 12. d5 Rd8 13. Rb1 Bg4 14. Be3 Qa6 15. f3 Be6 16. Nf4 Bxd5 17. Nxd5 Qc4 18. Nxe7+ Nxe7 19. Qe1 Nd5 20. Bg5 Rd7 21. Rd1 Qxc2 22. Rd2 Qc6 23. Qc1 f6 24. Bh4 Qxc1 25. Rxc1 Bh6 26. Rxd5 Rxd5 27. Rc7 Be3+ 28. Kf1 Bd4 29. Bxf6 a5 30. Rg7+ Kf8 31. Rxb7 Bxf6 32. Nxf6 Rd6 33. Ne4 Rc6 34. Rxh7 1/2-1/2

[Event "Regionalliga NO 1415"]
[Site "Bayern"]
[Date "2015.04.12"]
[Round "9.5"]
[White "Tong, Kevin"]
[Black "Wallinger, Manfred"]
[Result "0-1"]
[WhiteElo "1994"]
[BlackElo "2051"]
[PlyCount "108"]
[EventDate "2014.10.19"]
[EventType "team-tourn"]
[EventRounds "9"]
[EventCountry "GER"]
[SourceTitle "EXT 2018"]
[Source "ChessBase"]
[SourceDate "2017.10.13"]
[SourceVersion "1"]
[SourceVersionDate "2017.10.13"]
[SourceQuality "1"]
[WhiteTeam "Erlangen SC II"]
[BlackTeam "Altensittenbach"]
[WhiteTeamCountry "GER"]
[BlackTeamCountry "GER"]

1. e4 d5 2. exd5 Qxd5 3. Nc3 Qa5 4. Bc4 Nf6 5. d3 c6 6. Bd2 Qc7 7. Qe2 e6 8. 0-0-0 Be7 9. g4 b5 10. Bb3 a5 11. a4 0-0 12. g5 Nfd7 13. Ne4 Na6 14. d4 bxa4 15. Bxa4 Nb6 16. Nc3 Nb4 17. Nf3 Ba6 18. Qe4 Rfb8 19. h4 Na2+ 20. Nxa2 Nxa4 21. Bc3 Bc4 22. b3 Bxb3 23. cxb3 Rxb3 24. Kc2 Ra3 25. Ra1 Rb8 26. Nd2 Bb4 27. Bxb4 axb4 28. Nb3 Rxa2+ 29. Rxa2 Nc3 30. Qd3 Nxa2 31. Ra1 Nc3 32. Nc5 Nd5 33. Kb3 Qd6 34. Ra7 Nc3 35. Rd7 Qf4 36. Na6 Ra8 37. Nxb4 Nb5 38. Nxc6 Nc7 39. Ne5 Qxf2 40. Rxc7 Qa2+ 41. Kc3 Qa5+ 42. Kc2 Qxc7+ 43. Kd2 Ra2+ 44. Ke3 Qc1+ 45. Ke4 Ra3 46. Qe2 Qb1+ 47. Nd3 Qh1+ 48. Ke3 Qh3+ 49. Ke4 Qxh4+ 50. Nf4 Qxg5 51. Nd3 Qf5+ 52. Ke3 Qxd3+ 53. Qxd3 Rxd3+ 54. Kxd3 h5 0-1

[Event "Regionalliga NO 1415"]
[Site "Bayern"]
[Date "2015.02.22"]
[Round "7.5"]
[White "Kaiser, Harald"]
[Black "Wallinger, Manfred"]
[Result "0-1"]
[WhiteElo "1972"]
[BlackElo "2051"]
[PlyCount "80"]
[EventDate "2014.10.19"]
[EventType "team-tourn"]
[EventRounds "9"]
[EventCountry "GER"]
[SourceTitle "EXT 2018"]
[Source "ChessBase"]
[SourceDate "2017.10.13"]
[SourceVersion "1"]
[SourceVersionDate "2017.10.13"]
[SourceQuality "1"]
[WhiteTeam "Bechhofen"]
[BlackTeam "Altensittenbach"]
[WhiteTeamCountry "GER"]
[BlackTeamCountry "GER"]

1. e4 d5 2. exd5 Qxd5 3. Nc3 Qd6 4. g3 Nf6 5. Bg2 e5 6. d3 Be7 7. Nge2 0-0 8. 0-0 c6 9. Ne4 Nxe4 10. dxe4 Bg4 11. Qxd6 Bxd6 12. Nc3 Na6 13. Nd1 Rad8 14. Ne3 Be6 15. Bd2 Bc5 16. Rfd1 Bd4 17. c3 Bb6 18. b3 Rd7 19. Be1 Rfd8 20. Rxd7 Rxd7 21. Kf1 Bxe3 22. fxe3 Nc5 23. Bf3 f6 24. Ke2 Bf7 25. Bg4 Rd8 26. Kf3 Bg6 27. Bf5 Bh5+ 28. Kg2 g6 29. Bh3 Rd1 30. Rxd1 Bxd1 31. Bc8 b6 32. c4 Bc2 33. Bb4 Bxe4+ 34. Kg1 Bb1 35. Bxc5 bxc5 36. Be6+ Kf8 37. a3 a5 38. Bd7 Be4 39. Kf2 Ke7 40. Bg4 Bc2 0-1